Sociologie v kostce

Salvato in:
Dettagli Bibliografici
Autore principale: Sekot, Aleš
Natura: Libro
Lingua:ceco
Pubblicazione: Brno Paido - edice pedagogické literatury 2002
Soggetti:
Tags: Aggiungi Tag
Nessun Tag, puoi essere il primo ad aggiungerne!!

MARC

LEADER 00000nam a2200000 4500
001 c142561
005 20221124094821.6
020 |a 80-7315-021-2 
041 0 |a cze 
044 |a CZ 
245 1 0 |a Sociologie v kostce  |c Aleš Sekot 
264 1 |a Brno  |b Paido - edice pedagogické literatury  |c 2002 
300 |a 142 s. 
610 2 0 |a sociológia 
610 2 0 |a vývoj 
610 2 0 |a výskum sociologický 
610 2 0 |a spoločnosť 
610 2 0 |a kultúra 
610 2 0 |a štruktúra obyvateľstva 
610 2 0 |a problémy spoločenské 
610 2 0 |a menšiny národnostné 
610 2 0 |a nezamestnanosť 
610 2 0 |a ľudia bez domova 
610 2 0 |a rodina 
610 2 0 |a vek 
610 2 0 |a náboženstvo 
610 2 0 |a globalizácia 
100 1 |a Sekot, Aleš